[Event "Krakonos op"]
[Site "Czech Republic"]
[Date "1993.??.??"]
[Round "4"]
[White "Martinkova, Eva"]
[Black "Wild, V."]
[Result "1-0"]
[WhiteElo "1605"]
[BlackElo "1815"]
[PlyCount "77"]
[EventDate "1993.??.??"]
[EventType "swiss"]
[EventRounds "9"]
[EventCountry "CZE"]
[SourceTitle "EXT 2006"]
[Source "ChessBase"]
[SourceDate "2005.11.24"]
[SourceVersion "1"]
[SourceVersionDate "2005.11.24"]
[SourceQuality "1"]

1. e4 c5 2. Nf3 e6 3. d4 cxd4 4. c3 dxc3 5. Nxc3 Nc6 6. Bc4 Qc7 7. 0-0 a6 8. g3 b5 9. Bb3 Nf6 10. Bf4 d6 11. Qe2 Be7 12. Rac1 0-0 13. Rfd1 Bb7 14. e5 dxe5 15. Nxe5 Bd6 16. Rxd6 Qxd6 17. Nxc6 Qxc6 18. Nd5 Qxc1+ 19. Bxc1 Bxd5 20. Bxd5 Nxd5 21. Qg4 Nf6 22. Qf3 Rac8 23. Be3 Nd5 24. Bd2 Rc4 25. Be3 Rfc8 26. a3 b4 27. Bd2 Rc2 28. Bxb4 Rxb2 29. Kg2 Rcc2 30. Be1 g6 31. Qd3 Rc6 32. Bb4 h6 33. h3 Kh7 34. Qd4 Rcc2 35. Bf8 Rxf2+ 36. Kg1 Nf6 37. Qh4 h5 38. Qg5 Ng4 39. hxg4 1-0

[Event "Krakonos op"]
[Site "Czech Republic"]
[Date "1993.??.??"]
[Round "9"]
[White "Soukup, Jiri"]
[Black "Wild, V."]
[Result "0-1"]
[WhiteElo "1750"]
[BlackElo "1815"]
[PlyCount "74"]
[EventDate "1993.??.??"]
[EventType "swiss"]
[EventRounds "9"]
[EventCountry "CZE"]
[SourceTitle "EXT 2006"]
[Source "ChessBase"]
[SourceDate "2005.11.24"]
[SourceVersion "1"]
[SourceVersionDate "2005.11.24"]
[SourceQuality "1"]

1. e4 c5 2. Nf3 d6 3. Bc4 Nc6 4. Nc3 g6 5. 0-0 Bg7 6. d3 e6 7. Ne2 a6 8. c3 Nge7 9. Bg5 b5 10. Bb3 Bb7 11. Nf4 Qd7 12. d4 cxd4 13. cxd4 Na5 14. Bxe7 Qxe7 15. Re1 0-0 16. Rc1 Rac8 17. Bc2 Bh6 18. Qd2 Kg7 19. g3 e5 20. dxe5 dxe5 21. Qxa5 exf4 22. g4 Rc5 23. Qb4 Qc7 24. Qd4+ Kg8 25. Re2 Rc8 26. Kg2 Bg7 27. Qb4 Rc4 28. Qa3 Bxe4 29. Bxe4 Rxc1 30. Qxa6 Qc4 31. Re1 Rxe1 32. Bd3 Qe6 33. Qxe6 Rxe6 34. Bxb5 Rb6 35. a4 Bxb2 36. Nd2 Rc2 37. Ne4 f5 0-1

[Event "Krakonos op"]
[Site "Czech Republic"]
[Date "1993.??.??"]
[Round "1"]
[White "Wild, V."]
[Black "Martinkova, Monika"]
[Result "1/2-1/2"]
[WhiteElo "1815"]
[BlackElo "1645"]
[PlyCount "51"]
[EventDate "1993.??.??"]
[EventType "swiss"]
[EventRounds "9"]
[EventCountry "CZE"]
[SourceTitle "EXT 2006"]
[Source "ChessBase"]
[SourceDate "2005.11.24"]
[SourceVersion "1"]
[SourceVersionDate "2005.11.24"]
[SourceQuality "1"]

1. e4 e5 2. Nf3 Nc6 3. Bb5 a6 4. Bxc6 dxc6 5. d4 exd4 6. Qxd4 Bg4 7. Bf4 Qxd4 8. Nxd4 Rd8 9. c3 Rd7 10. f3 Bh5 11. Nd2 Ne7 12. N2b3 Ng6 13. Be3 Ne5 14. 0-0-0 Bd6 15. h3 Nc4 16. Bf2 0-0 17. Nf5 Rfd8 18. Nxd6 Rxd6 19. Rxd6 Rxd6 20. Bg3 Rg6 21. Bxc7 Rxg2 22. Rd1 h6 23. Nd2 Nxd2 24. Rxd2 Rxd2 25. Kxd2 Bxf3 26. Ke3 1/2-1/2